<?xml version="1.0" encoding="UTF-8"?><?xml-stylesheet type="text/xsl" href="static/style.xsl"?><OAI-PMH xmlns="http://www.openarchives.org/OAI/2.0/" xmlns:xsi="http://www.w3.org/2001/XMLSchema-instance" xsi:schemaLocation="http://www.openarchives.org/OAI/2.0/ http://www.openarchives.org/OAI/2.0/OAI-PMH.xsd"><responseDate>2026-04-29T00:35:12Z</responseDate><request verb="GetRecord" identifier="oai:riubu.ubu.es:10259/11208" metadataPrefix="marc">https://riubu.ubu.es/oai/request</request><GetRecord><record><header><identifier>oai:riubu.ubu.es:10259/11208</identifier><datestamp>2026-01-14T01:05:39Z</datestamp><setSpec>com_10259_11203</setSpec><setSpec>com_10259_5086</setSpec><setSpec>com_10259_2604</setSpec><setSpec>col_10259_11204</setSpec></header><metadata><record xmlns="http://www.loc.gov/MARC21/slim" xmlns:doc="http://www.lyncode.com/xoai" xmlns:xsi="http://www.w3.org/2001/XMLSchema-instance" xmlns:dcterms="http://purl.org/dc/terms/" xsi:schemaLocation="http://www.loc.gov/MARC21/slim http://www.loc.gov/standards/marcxml/schema/MARC21slim.xsd">
<leader>00925njm 22002777a 4500</leader>
<datafield tag="042" ind1=" " ind2=" ">
<subfield code="a">dc</subfield>
</datafield>
<datafield tag="720" ind1=" " ind2=" ">
<subfield code="a">Arroyo Sanz, Raquel</subfield>
<subfield code="e">author</subfield>
</datafield>
<datafield tag="720" ind1=" " ind2=" ">
<subfield code="a">Gutiérrez González, Sara</subfield>
<subfield code="e">author</subfield>
</datafield>
<datafield tag="720" ind1=" " ind2=" ">
<subfield code="a">González Moreno, Sara</subfield>
<subfield code="e">author</subfield>
</datafield>
<datafield tag="720" ind1=" " ind2=" ">
<subfield code="a">Alameda Cuenca-Romero, Lourdes</subfield>
<subfield code="e">author</subfield>
</datafield>
<datafield tag="720" ind1=" " ind2=" ">
<subfield code="a">Alonso Díez, Álvaro</subfield>
<subfield code="e">author</subfield>
</datafield>
<datafield tag="720" ind1=" " ind2=" ">
<subfield code="a">Calderón Carpintero, Verónica</subfield>
<subfield code="e">author</subfield>
</datafield>
<datafield tag="260" ind1=" " ind2=" ">
<subfield code="c">2021-12</subfield>
</datafield>
<datafield tag="520" ind1=" " ind2=" ">
<subfield code="a">Se  espera  que  el  consumo  mundial  de  recursos  como  la  biomasa,  los  combustibles  fósiles,  los  metales  y  los  minerales  se  duplique en los próximos años (Organización para la Cooperación y el Desarrollo Económicos [OCDE], 2018), mientras que se prevé que la generación anual de residuos en Europa aumente un 70 % para 2050 (Kaza et al., 2018). Por ello, es necesaria una transición hacia un sistema económico y productivo sostenible como parte de las nuevas estrategias industriales. Estudios recientes estiman que la aplicación de los principios de la economía circular tiene el potencial dede mejorar los procedimientos de ingeniería creando nuevos puestos de trabajo cualificados. Más del 80% del impacto medioambiental de los materiales de construcción se determina en la fase de diseño (Comisión Europea, 2019). Muchos subproductos se descomponen demasiado rápido y no pueden reciclarse sin más, y muchos se fabrican para un solo uso. Junto con esta condición, las políticas de gestión proporcionan normas mundiales hacia la sostenibilidad de los materiales de construcción (Taurino, Bondioli, &amp; Messori, 2023).Con  el  objetivo  de  caracterizar  estos  adoquines  ecosostenibles,  también  se  han  realizado  diferentes  ensayos  de  durabilidad  como congelación-descongelación y cristalización salina, estableciendo la resistencia a la compresión antes y después del ensayo, confirmando las propiedades idóneas para ser utilizados en diferentes ambientes exteriores</subfield>
</datafield>
<datafield tag="520" ind1=" " ind2=" ">
<subfield code="a">Global consumption of resources such as biomass, fossil fuels, metals and minerals is expected to double in the next years (Organisation for Economic Co-operation and Development [OECD], 2018), while annual waste generation in Europe is projected to increase by 70% by 2050 (Kaza et al., 2018). For this reason, it is necessary a transition to a sustainable economic and productivesystem as part of the new industrial strategies. Recent studies estimate that applying circular economy principles has the potential to improve the engineering procedures creating new qualified jobs. More than 80% of construction materials’ environmental impacts are determined at the design phase (European Commission, 2019). Many by products break down too fast and cannot be simply recycled, and many are made for single use only. Together with this condition, the management policies provide world-wide standards towards construction materials sustainability (Taurino, Bondioli, &amp; Messori, 2023).With the aim of characterize this eco sustainable cobblestones, different durability tests have also been carried out as freeze-thaw and crystallization salt, establishing the compressive strength before and after the test, confirming the suitable properties to be used in different – outdoor – environments</subfield>
</datafield>
<datafield tag="024" ind2=" " ind1="8">
<subfield code="a">https://hdl.handle.net/10259/11208</subfield>
</datafield>
<datafield tag="024" ind2=" " ind1="8">
<subfield code="a">10.20868/ade.2024.5484</subfield>
</datafield>
<datafield tag="024" ind2=" " ind1="8">
<subfield code="a">2444-1309</subfield>
</datafield>
<datafield ind1=" " ind2=" " tag="653">
<subfield code="a">Sostenibilidad</subfield>
</datafield>
<datafield ind1=" " ind2=" " tag="653">
<subfield code="a">Economía circular</subfield>
</datafield>
<datafield ind1=" " ind2=" " tag="653">
<subfield code="a">Residuos de poliuretano</subfield>
</datafield>
<datafield ind1=" " ind2=" " tag="653">
<subfield code="a">Adoquines de mortero de cemento</subfield>
</datafield>
<datafield ind1=" " ind2=" " tag="653">
<subfield code="a">Prefabricados ligeros</subfield>
</datafield>
<datafield ind1=" " ind2=" " tag="653">
<subfield code="a">Sustainability</subfield>
</datafield>
<datafield ind1=" " ind2=" " tag="653">
<subfield code="a">Circular economy</subfield>
</datafield>
<datafield ind1=" " ind2=" " tag="653">
<subfield code="a">Polyurethane waste</subfield>
</datafield>
<datafield ind1=" " ind2=" " tag="653">
<subfield code="a">Cement mortar cobblestones</subfield>
</datafield>
<datafield ind1=" " ind2=" " tag="653">
<subfield code="a">Lightweight prefabricated</subfield>
</datafield>
<datafield tag="245" ind1="0" ind2="0">
<subfield code="a">Adoquines de cemento aligerados con residuos poliméricos industriales</subfield>
</datafield>
</record></metadata></record></GetRecord></OAI-PMH>